Football - Les 10 plus gros transferts (2013-2014) - Statistiques

Statistiques générales
  • Ce quiz a été pris 128 fois
  • Le résultat moyen est 7 sur 10
Statistiques - réponses
Rang Club Précédent Nouveau Club Montant Joueur % Correct
2 Santos Barcelone 88 000 000 € Neymar
99%
1 Tottenham Real Madrid 101 000 000 € Gareth Bale
98%
3 Napoli Paris SG 64 500 000 € Edinson Cavani
92%
7 Atletico Madrid Monaco 43 000 000 € Radamel Falcao
83%
5 Porto Monaco 45 000 000 € James Rodriguez
75%
4 Real Madrid Arsenal 47 000 000 € Mesut Ozil
69%
9 Real Madrid Napoli 39 000 000 € Gonzalo Higuain
64%
10 Borussia Dortmund Bayern Munich 37 000 000 € Mario Gotze
64%
8 Chakhtar Donetsk Manchester City 40 000 000 € Fernandinho
48%
6 Chelsea Manchester United 44 730 000 € Juan Mata
45%
Aucun quiz correspondant
Distribution des résultats
% des personnes avec chaque résultat
Percentile par nombre de réponses
Votre historique - résultats
Vous n’avez pas pris ce quiz